000 00620nam a2200193 i 4500
001 113677
003 ES-MaACL
005 20230906185956.0
007 t|
008 061121s1934 xxk |||| |beng d
080 _a929 Nogales Méndez, Rafael
100 1 _aNogales Méndez, Rafael de.
_9151303
245 1 0 _aSilk hat and spurs /
_cby Rafael de Nogales ; with an introduction by Viscount Allenby.
260 _aLondon :
_bWright and Brown,
_c1934.
300 _aXI, 302 p., 15 lám. ;
_c23 cm.
600 1 4 _aNogales Méndez, Rafael de.
_9151303
700 0 _aAllenby, Edmund.
_920007
852 _aES-MaACL
_jA-1964
999 _c113677
_d113677